000 nam a22 7a 4500
999 _c7666
_d7666
008 170927b xxu||||| |||| 00| 0 eng d
100 _94158
_aNad
245 _aHindi Book
260 _aNew Delhi